| 000 | 00322nam a22001217a 4500 | ||
|---|---|---|---|
| 999 |
_c511431 _d511431 |
||
| 020 | _a8186107398 | ||
| 082 | _aB262x54 T152 | ||
| 100 |
_aTampi, B.J.K. _911161 |
||
| 245 | _aNationalism and secularism in the face of communalism | ||
| 260 |
_aKerala _bIntegral Books _c2018 |
||
| 300 | _a398p. | ||
| 650 |
_aNationalism _911677 |
||